Statistics for UK Town and City Trivia - Edinburgh

Click here to take the quiz!

General Stats

  • This quiz has been taken 25 times
  • The average score is 12 of 15

Answer Stats

HintAnswer% Correct
Ancient volcano whose rocky peak overlooks the city of Edinburgh{Arthur}'s Seat
100%
Cloned sheep created in 1996 at the Roslin Institute in the University of EdinburghDolly
100%
Edinburgh born actor, well-known for playing James BondSean Connery
96%
Estuary which forms the northern boundary of the city of EdinburghFirth of {Forth}
92%
Edinburgh's principal railway stationWaverley
92%
Popular tourist attraction in Edinburgh’s Old Town{Camera} Obscura
88%
Edinburgh's annual festival of performing arts, the biggest such in the world{Fringe} Festival
88%
Well-known statue of a dog that stands outside Greyfriars KirkyardGreyfriars {Bobby}
88%
Official residence of the Monarch in ScotlandHolyroodhouse
88%
Creator of Sherlock Holmes, who was born in the city in 1859Arthur Conan Doyle
83%
Route that runs between the above residence and Edinburgh CastleRoyal Mile
83%
Royal yacht permanently moored at Ocean Drive Ocean Terminal in Leith
Britannia
79%
Edinburgh nickname, due to the smoke that used to rise from coal fires in Old TownAuld Reekie
58%
One half of the 'Two Ronnies' comedy duo, who was born in EdinburghRonnie Corbett
46%
Coffee shop in which J.K. Rowling wrote much of her first two books, making it arguably the “birthplace” of the Harry Potter novelsThe {Elephant} House
42%

Score Distribution

Percentile by Number Answered

Percent of People with Each Score

Your Score History

You have not taken this quiz